| 000 | 01029 a2200241 4500 | ||
|---|---|---|---|
| 003 | Nust | ||
| 005 | 20220720121247.0 | ||
| 010 | _a 84018838 | ||
| 020 | _a048624864X (pbk.) : | ||
| 020 | _a978-0-48-24864-6 | ||
| 040 | _cNust | ||
| 082 | 0 | 0 | _a001.535,JAC |
| 100 | 1 |
_aJackson, Philip C., _994031 |
|
| 245 | 1 | 0 |
_aIntroduction to artificial intelligence / _cPhilip C. Jackson, Jr. |
| 250 | _a2nd, enl. ed. | ||
| 260 |
_aNew York : _bDover, _c1985. |
||
| 300 |
_axxxviii, 453 p. : _bill. ; _c22 cm. |
||
| 500 | _aIncludes index. | ||
| 505 | _aIntroduction (Page-1), Mathematics, phenomena, machines (Page- 33), Problem solving (Page-67), Game playing (page-117), Pattern perception (page-169), Theorem proving (Page-215), Semantic information (Page-273), Parallel processing and evolutionary system (Page-343), The harvest of artificial intelligence (Page-387) | ||
| 650 | 0 | _aArtificial intelligence. | |
| 856 | 4 | 2 |
_3Publisher description _uhttp://www.loc.gov/catdir/description/dover033/84018838.html |
| 942 |
_2ddc _cREF |
||
| 999 |
_c218163 _d218163 |
||